000 00344nam a2200133Ia 4500
008 240624s9999 xx 000 0 und d
041 _aeng
082 _a650.1 LEL
100 _aLELAND KAREN
245 _aTIME MANAGEMENT IN AN INSTANT 60 WAYS TO
260 _c2008
_aNew Jersey
_bCareer Press
300 _a160 : p. : cm. ; 21
365 _c
_b30
999 _c11211
_d11211